000
00289nam a22001337a 4500
008
170928b xxu||||| |||| 00| 0 eng d
020
_a
2901467553864
041
_a
eng
080
_a
37
100
_a
47
101
_a
EDU
245
_a
WRITING PROGRESSIONS
_c
TYNER,TH,E
942
_2
udc
_c
BK
999
_c
30429
_d
30429